| 000 | 00615nam a22001937a 4500 | ||
|---|---|---|---|
| 999 |
_c193019 _d193019 |
||
| 005 | 20221013113658.0 | ||
| 010 | _aUR-11751 | ||
| 020 |
_a9789392496929 _c300.00 |
||
| 035 | _aU-10306 | ||
| 037 |
_bDBAD/PUB _a- |
||
| 082 | _a841 | ||
| 100 | _aرضی احمد چشتی | ||
| 245 |
_aاسرار ھو / _cرضی احمد چشتی _hا ر د و |
||
| 246 |
_aAsrar-E-Hoo / _bby Razi Ahmad Chishti |
||
| 260 |
_aNew Delhi _bEducational Publishing House _c2021 ء |
||
| 270 |
_aH.O. D/16, Ansari Road, Daryaganj _bNew Delhi _e110006 |
||
| 300 |
_a244 ص _c22cm(Hb) |
||
| 942 |
_2ddc _cUR _h841 _mر ض ی |
||